Statistics for 20 Most Streamed Songs from 2000 on Spotify

Click here to take the quiz!

General Stats

  • This quiz has been taken 117 times
  • The average score is 12 of 20

Answer Stats

ArtistSong% Correct
EminemThe Real Slim Shady
99%
Britney Spears...Baby One More Time
95%
Britney SpearsOops!... I Did It Again
95%
ColdplayYellow
86%
Dr. DreForget About Dre
82%
Dr. DreThe Next Episode
82%
Linkin ParkIn The End
80%
*NSYNCBye Bye Bye
71%
Destiny's ChildSay My Name
65%
blink-182All The Small Things
64%
Bon JoviIt's My Life
63%
U2Beautiful Day
62%
DarudeSandstorm
55%
WheatusTeenage Dirtbag
48%
3 Doors DownKryptonite
38%
Red Hot Chili PeppersOtherside
38%
ToploaderDancing in the Moonlinght
23%
Alice DeejayBetter Off Alone
18%
ModjoLady (Hear Me Tonight)
17%
Gigi D'AgostinoL'amour Toujours
16%

Score Distribution

Percentile by Number Answered

Percent of People with Each Score

Your Score History

You have not taken this quiz